Democratización: teoría y experiencia
Сохранить в:
| Главный автор: | |
|---|---|
| Формат: | |
| Язык: | испанский |
| Опубликовано: |
Ciudad de México
Fondo de Cultura Económica
2011
|
| Предметы: | |
| Метки: |
Добавить метку
Нет меток, Требуется 1-ая метка записи!
|
MARC
| LEADER | 00000cam a2200000 a 4500 | ||
|---|---|---|---|
| 001 | UCG9878 | ||
| 003 | CL-VaPUC | ||
| 008 | 120412e20110000MX |||||||||||||||||spa|d | ||
| 020 | |a 9786071606198 | ||
| 082 | 0 | 4 | |a 321.8 |b WHI |2 21 |
| 100 | 0 | |a Whitehead, Laurence |e author |9 561612 | |
| 245 | 1 | 0 | |a Democratización: teoría y experiencia |
| 300 | |a 407 p | ||
| 942 | |c BK | ||
| 945 | |d 20120412 00:00:00 |a dcastane | ||
| 260 | |a Ciudad de México |b Fondo de Cultura Económica |c 2011 | ||
| 650 | 0 | |a Democracia |9 255256 | |
| 650 | 0 | |a Crítica e interpretación |9 255042 | |
| 583 | |a last modification |c 20120412 10:24:00 |k Rodrigo Vera | ||
| 999 | |c 347405 |d 347403 | ||
| 952 | |0 0 |1 0 |4 0 |6 321_800000000000000_WHI_2011 |7 0 |8 A |9 448713 |a BIBHIS |b BIBHIS |d 2019-11-22 |i 4854403 |o 321.8 WHI 2011 |p 4854403 |r 2025-01-20 |w 2019-11-22 |y BK |k HIS | ||